|
|
|
|
| LEADER |
00964nam a2200301 4500 |
| 001 |
DLU090093101 |
| 005 |
##20091201 |
| 040 |
# |
# |
|a DLU
|b eng
|
| 041 |
# |
# |
|a eng
|
| 044 |
# |
# |
|a jp
|
| 100 |
# |
# |
|a Gastaldi, Fabio.
|
| 245 |
# |
# |
|a A two-degree-of-freedom quasistatic contact problem with viscous damping /
|c Fabio Gastaldi, Manuel D. P. Monteiro Marques, J. A. C. Martins.
|
| 653 |
# |
# |
|a Coulomb frictional forces
|
| 653 |
# |
# |
|a Damping
|
| 653 |
# |
# |
|a Quasistatic evolution
|
| 653 |
# |
# |
|a Uniqueness
|
| 700 |
# |
# |
|a Martins, J. A. C.
|
| 700 |
# |
# |
|a Monteiro Marques, Manuel D. P.
|
| 773 |
# |
# |
|t Advances in Mathematical Sciences and Applications
|g Vol. 5, no. 2 (1995), p. 421-455
|
| 920 |
# |
# |
|a Phòng Tạp chí -- Trung tâm Thông tin - Thư viện Trường Đại học Đà Lạt
|
| 994 |
# |
# |
|a DLU
|
| 900 |
# |
# |
|a True
|
| 911 |
# |
# |
|a Trương Bảo Trâm Anh
|
| 925 |
# |
# |
|a G
|
| 926 |
# |
# |
|a A
|
| 927 |
# |
# |
|a BB
|
| 980 |
# |
# |
|a Thư viện Trường Đại học Đà Lạt
|